Liedtext: Spongebob Schwammkopf - Riss in der Hose - Statistiken

Allgemein
  • Dieses Quiz wurde 62 mal gespielt
  • Das Durchschnittsergebnis liegt bei 79 aus 124
Antwortstatistiken
Abschnitt Textquiz % Korrekt
Refrain 1 | Refrain 2 | Strophe 1 Hose
96%
Refrain 1 hat
94%
Refrain 1 | Refrain 2 hat.
94%
Refrain 1 da
91%
Refrain 1 | Refrain 2 der
89%
Refrain 1 Spongebob
89%
Strophe 2 zu
89%
Refrain 2 zu,
89%
Refrain 1 er
87%
Strophe 2 sein,
87%
Refrain 1 seine
87%
Refrain 1 | Refrain 2 | Strophe 1 sich
87%
Refrain 1 | Strophe 1 zerrissen
87%
Refrain 1 gemacht.
85%
Refrain 1 zum
85%
Refrain 1 Larry
83%
Strophe 2 Sand.
83%
Refrain 1 Sandy
83%
Refrain 1 | Strophe 1 weil
83%
Refrain 1 Depp
81%
Refrain 1 mit
81%
Refrain 1 nen
81%
Refrain 1 seiner
81%
Strophe 2 so
81%
Refrain 1 Als
79%
Strophe 2 als
79%
Refrain 1 für
79%
Strophe 1 | Strophe 2 Ich
79%
Strophe 1 ich
79%
Refrain 2 ich,
79%
Refrain 1 ihn
79%
Refrain 1 kam
79%
Refrain 1 große
77%
Refrain 1 hält
77%
Strophe 2 ein
74%
Refrain 1 | Strophe 1 Sogar
74%
Strophe 1 hab.
72%
Refrain 2 | Strophe 2 es
70%
Strophe 1 meine
70%
Refrain 1 Psychopath,
70%
Refrain 2 eine
68%
Strophe 1 alle
66%
Strophe 1 Doch
66%
Strophe 2 doch
66%
Strophe 1 das
64%
Refrain 2 Das
64%
Refrain 2 | Strophe 1 die
64%
Strophe 2 voll
62%
Refrain 2 war
62%
Refrain 2 | Strophe 1 auf
60%
Strophe 2 Brötchen
60%
Refrain 2 | Strophe 1 dann
60%
Strophe 2 ist
60%
Refrain 2 | Strophe 1 mir
60%
Strophe 2 tut
60%
Refrain 2 und
60%
Strophe 2 weh.
60%
Strophe 1 ab.
55%
Strophe 2 oder
55%
Strophe 2 Sonnenbrand
55%
Refrain 2 | Strophe 2 kein
53%
Strophe 1 Nur
53%
Strophe 1 von
53%
Strophe 1 meiner
51%
Refrain 1 Muskelpracht,
51%
Strophe 2 schrecklich
51%
Strophe 2 allein
49%
Refrain 2 aufgerissen
49%
Strophe 1 Seite.
49%
Strophe 2 weniger
49%
Strophe 2 Denn
47%
Refrain 2 ihr
47%
Refrain 2 Lehre
47%
Strophe 1 Liebste
47%
Strophe 2 noch
47%
Strophe 2 weiß,
47%
Strophe 1 wendet
47%
Strophe 2 amüsant
45%
Strophe 1 hätt
45%
Refrain 2 hört
45%
Strophe 1 schnell
45%
Refrain 2 Spaß,
45%
Refrain 2 was.
45%
Strophe 1 Weite.
45%
Refrain 2 wie
45%
Strophe 1 dacht,
43%
Strophe 1 ganz
43%
Refrain 2 lernt
43%
Refrain 2 nicht
43%
Strophe 1 suchten
40%
Strophe 1 Leute
38%
Refrain 2 selber
38%
Refrain 2 treu,
38%
Refrain 2 euch
36%
Refrain 2 Bleibt
34%
Strophe 2 Ojemine,
34%
Refrain 2 drum
32%
Refrain 2 seid
26%
Refrain 2 stets
26%
Refrain 2 Trab,
21%
Strophe 2 gibt
15%
Strophe 2 Klagen,
11%
Keine übereinstimmenden Quizze gefunden
Verteilung der Resultate
Anzahl Personen mit jedem Resultat
Perzentil nach korrekt beantworteten Fragen
Ihre Resultats-Entwicklung
Sie haben dieses Quiz noch nicht gespielt